Christian Muslim Relations in India: A Critical Survey (Record no. 6655)

MARC details
000 -LEADER
fixed length control field 00451nam a2200157 a 4500
082 00 - DEWEY DECIMAL CLASSIFICATION NUMBER
Classification number 305.608097
Author Cutter TRO
100 ## - MAIN ENTRY--AUTHOR NAME
Author name Troll, Christian W
245 ## - TITLE STATEMENT
Title Christian Muslim Relations in India: A Critical Survey
260 ## - PUBLICATION, DISTRIBUTION, ETC. (IMPRINT)
Place of publication Bangalore
Name of publisher Association for Islamic Studies
Year of publication 1980
300 ## - PHYSICAL DESCRIPTION
Number of Pages 41p
500 ## - GENERAL NOTE
General note includes index and biblioraphy
505 2# - FORMATTED CONTENTS NOTE
Formatted contents note Bibliography
650 ## - SUBJECT ADDED ENTRY--TOPICAL TERM
Topical Term Islam-Relations Christianity
942 ## - ADDED ENTRY ELEMENTS (KOHA)
Koha item type Books
700 1# -
-- Troll, Christian W
Holdings
Home library Current library Date acquired Cost, normal purchase price Full call number Accession Number Koha item type
Henry Martyn Institute Library Henry Martyn Institute Library 03/26/2019 100.00 305.608097 TRO C1 010359 Books
Henry Martyn Institute Library Henry Martyn Institute Library 03/26/2019 100.00 305.608097 TRO C2 010360 E-Books
Henry Martyn Institute Library Henry Martyn Institute Library 03/26/2019 100.00 305.608097 TRO C3 013121 Books
Henry Martyn Institute Library Henry Martyn Institute Library 03/26/2019 100.00 305.608097 TRO C4 013122 Books
                   Copyright © 2026 | Henry Martyn Institute | Hyderabad | TS-500052 | INDIA | Implemented by hmi.edu.in
Hit-Count:

Powered by Koha